Statistiques concernant Culture Générale - Série 1806

Cliquez ici pour prendre le quiz!

Statistiques générales

  • Ce quiz a été pris 135 fois
  • Le résultat moyen est 3 sur 10

Statistiques - réponses

QuestionRéponse% Correct
Complétez le proverbe : "Prudence est mère de ...sureté
68%
Dans quel pays,principalement ,produit-on l'huile d'argan ?Maroc
54%
En géométrie, combien de faces contient un icosaèdre ?20
51%
Quel marin a péri en mer d'Irlande le 13 juin 1998 à bord de "Pen Duick"?Eric Tabarly
45%
Qui a écrit le roman "Le pendule de Foucault", en 1988 ?Umberto Eco
32%
Dans quel état des Etats Unis la ville de Buffalo est-elle située ?New York
26%
Dans le monde de la tauromachie, comment appelle-t-on un enclos pour les taureaux ?corral
10%
Dans quel département se trouve la station de ski française " Val d'Ese" ?Corse du sud
9%
Quel nom donne-t-on à la côte qui constitue la quasi-totalité du littoral de la Seine-Maritime ?côte d'albâtre
9%
Commpent appelle-t-on l'instrument de musique à percussion comportant des objets (coquilles, rondelles) qui s'entrechoquent quand on le secoue ?sistre
4%

Distribution des résultats

Percentile par nombre de réponses

% des personnes avec chaque résultat

Votre développement - résultats

Vous n’avez pas pris ce quiz